000 00323nam a22001457a 4500
008 221103b ||||| |||| 00| 0 eng d
020 _a0123051509
041 _aeng
080 _a159.9
082 _a159.9 GRU
100 _a25
101 _aPSI
245 _aAPPLIED PROBLEMS IN MEMORY
_cGRUNEBERG MM
942 _2udc
_cBK
999 _c58724
_d58724